Ancient political thought (Record no. 728)
[ view plain ]
| 000 -LEADER | |
|---|---|
| fixed length control field | 00459cam a2200181ua 4500 |
| 008 - FIXED-LENGTH DATA ELEMENTS--GENERAL INFORMATION | |
| fixed length control field | 110420n ii |||gr||||Z||||||eng |
| 040 ## - CATALOGING SOURCE | |
| Transcribing agency | MAIN |
| 082 ## - DEWEY DECIMAL CLASSIFICATION NUMBER | |
| Classification number | 320.512 |
| 245 1# - TITLE STATEMENT | |
| Title | Ancient political thought |
| Statement of responsibility, etc. | by V. Venkata Rao |
| 250 ## - EDITION STATEMENT | |
| Edition statement | 3rd. |
| 260 ## - PUBLICATION, DISTRIBUTION, ETC. | |
| Place of publication, distribution, etc. | New Delhi: |
| Name of publisher, distributor, etc. | S.Chand & Co.,964. |
| 300 ## - PHYSICAL DESCRIPTION | |
| Extent | 172p.: |
| Dimensions | 8cm. |
| 700 ## - ADDED ENTRY--PERSONAL NAME | |
| Personal name | Rao, V. venkata., |
| Relator term | |
| 942 ## - ADDED ENTRY ELEMENTS (KOHA) | |
| Koha item type | Books |
| 653 ## - INDEX TERM--UNCONTROLLED | |
| Uncontrolled term | Political science |
| 653 ## - INDEX TERM--UNCONTROLLED | |
| Uncontrolled term | Ancient political thought |
| Withdrawn status | Lost status | Damaged status | Not for loan | Home library | Current library | Shelving location | Date acquired | Total Checkouts | Full call number | Barcode | Date last seen | Copy number | Price effective from | Koha item type |
|---|---|---|---|---|---|---|---|---|---|---|---|---|---|---|
| Central Library, Naharkatiya College | Central Library, Naharkatiya College | 19/09/2020 | 320.512 | RAO | 212 | 19/09/2020 | 2 | 19/09/2020 | Books | ||||||
| Central Library, Naharkatiya College | Central Library, Naharkatiya College | 19/09/2020 | 320.512 | RAO | 215 | 19/09/2020 | 1 | 19/09/2020 | Books |
